000 00490nam a2200181 a 4500
001 3269
005 20140414131847.0
008 060215s19uu xx 00 eng d
020 _a1-85830-546-2
050 _aM 398.2
_bM19 1998
100 _aMckie, Ann
245 _aStories for bedtime /
_cAnn McKie ; illustrated by Ken McKie.
260 _aLondon :
_bGrandreams,
_c1998.
300 _ap. : ill. ; cm.
440 _aA Fun to Read Book
650 _aShort stories.
999 _c110000
_d110000